000 00770cam a22002055a 4500
001 L141336
008 071116s1830 xxk eng u
035 _a(Sirsi) u141336
041 0 _aeng
100 1 _aGoodman, S.
245 0 0 _aParticulars of a valuable and highly desirable collegehold enclosed dairy & arable farm, situate at Salford, in the county of Bedford, to be sold by auction by S. Goodman on Wednesday the 24th day of November 1830
260 _a[Bedfordshire?]
_bs.n.
_c[1830]
300 _a3 p.
_c34 cm.
340 _aPrinted
351 _cSingle item
500 _aItem is in a fragile condition and is in three pieces
651 4 _aBedfordshire
690 _aPROPERTY ACQUISITION AND DISPOSAL-ACQUISITION AND DISPOSAL AT AUCTION
942 _n0
999 _c116709
_d116709